000 00681nam a2200253 i 4500
001 C2-0027125
003 PPAK
005 20190630222006.0
008 970204s1983 enka|||| ||||| | eng d
020 _a0222008814
040 _aPPAK
_beng
_cPPAK
_erda
082 0 4 _a574
_223
090 0 0 _a574
_bBOR
_dRK
100 1 _aBornancin, B.,
_eauthor
245 1 0 _aPlants of the hedgerow
264 1 _aLondon :
_bBurke ,
_c1983
300 _a32 pages :
_billustrations ;
_c24 cm
336 _2rdacontent
_atext
337 _2rdamedia
_aunmediated
338 _2rdacarrier
_avolume
490 1 _aWake up to world of science
830 0 _aWake up to world of science
942 _ddc
_cB
999 _c4870
_d4870